Remote sensing and image interpretation / (Record no. 189519)

000 -LEADER
fixed length control field 01442 a2200277 4500
003 - CONTROL NUMBER IDENTIFIER
control field Nust
005 - DATE AND TIME OF LATEST TRANSACTION
control field 20221117084912.0
010 ## - LIBRARY OF CONGRESS CONTROL NUMBER
LC control number 2007028033
020 ## - INTERNATIONAL STANDARD BOOK NUMBER
International Standard Book Number 0470052457 (cloth : alk. paper)
020 ## - INTERNATIONAL STANDARD BOOK NUMBER
International Standard Book Number 9780470052457 (cloth : alk. paper)
035 ## - SYSTEM CONTROL NUMBER
System control number (OCoLC)ocn144219714
040 ## - CATALOGING SOURCE
Transcribing agency Nust
082 00 - DEWEY DECIMAL CLASSIFICATION NUMBER
Classification number 621.3678,LIL
100 1# - MAIN ENTRY--PERSONAL NAME
Personal name Lillesand, Thomas M.
9 (RLIN) 3473
245 10 - TITLE STATEMENT
Title Remote sensing and image interpretation /
Statement of responsibility, etc. Thomas M. Lillesand, Ralph W. Kiefer, Jonathan W. Chipman.
250 ## - EDITION STATEMENT
Edition statement 6th ed.
260 ## - PUBLICATION, DISTRIBUTION, ETC.
Place of publication, distribution, etc. Hoboken, NJ :
Name of publisher, distributor, etc. John Wiley & Sons,
Date of publication, distribution, etc. c2008.
300 ## - PHYSICAL DESCRIPTION
Extent xii, 756 p., [36] p. of plates :
Other physical details ill. (some col.), maps (some col.) ;
Dimensions 25 cm.
505 ## - FORMATTED CONTENTS NOTE
Formatted contents note Concepts and Foundation of Remote Sensing (Page-1), Element of Photographic Systems (Page-61), Basic Principles of Photogrammetry (Page-123), Introduction to Visual Image Interpretation (Page-189) Multispectral, Thermal and Hyper spectral Sensing (Page-325), Earth Recourse Satellites Operating in the Optical Spectrum (Page-392), Digital Image Interpretation and Analysis (Page-482), Microwave and Lidar Sensing (Page-626).
650 #0 - SUBJECT ADDED ENTRY--TOPICAL TERM
Topical term or geographic name entry element Remote sensing.
700 1# - ADDED ENTRY--PERSONAL NAME
Personal name Chipman, Jonathan W.
9 (RLIN) 36262
700 1# - ADDED ENTRY--PERSONAL NAME
Personal name Kiefer, Ralph W.
9 (RLIN) 3486
856 42 - ELECTRONIC LOCATION AND ACCESS
Materials specified Publisher description
Uniform Resource Identifier <a href="http://www.loc.gov/catdir/enhancements/fy0814/2007028033-d.html">http://www.loc.gov/catdir/enhancements/fy0814/2007028033-d.html</a>
856 42 - ELECTRONIC LOCATION AND ACCESS
Materials specified Table of contents only
Uniform Resource Identifier <a href="http://www.loc.gov/catdir/enhancements/fy0814/2007028033-t.html">http://www.loc.gov/catdir/enhancements/fy0814/2007028033-t.html</a>
942 ## - ADDED ENTRY ELEMENTS (KOHA)
Source of classification or shelving scheme
Koha item type Book
Holdings
Withdrawn status Lost status Source of classification or shelving scheme Damaged status Not for loan Permanent Location Current Location Shelving location Date acquired Full call number Barcode Date last seen Price effective from Koha item type Public note
          Military College of Signals (MCS) Military College of Signals (MCS) General Stacks 12/12/2016 621.3678,LIL MCS35216 12/08/2016 12/12/2016 Book Almirah No.30, Shelf No.4
© 2023 Central Library, National University of Sciences and Technology. All Rights Reserved.